Modeling and Simulation of Power Inverter in Photovoltaic System (Record no. 67353)

MARC details
000 -LEADER
fixed length control field 00338nam a22001097a 4500
100 ## - MAIN ENTRY--AUTHOR NAME
Personal name Halar Ali Jumani
-- 17EL38
245 ## - TITLE STATEMENT
Title Modeling and Simulation of Power Inverter in Photovoltaic System
260 ## - PUBLICATION, DISTRIBUTION, ETC. (IMPRINT)
Place of publication Nawabshah
Name of publisher QUEST
Year of publication 2020
300 ## - PHYSICAL DESCRIPTION
Number of Pages 47p.
650 ## - SUBJECT ADDED ENTRY--TOPICAL TERM
Topical Term Photovoltaic System
-- Power Inverter
-- Modeling and Simulation
942 ## - ADDED ENTRY ELEMENTS (KOHA)
Koha item type Thesis and Dissertation
Holdings
Withdrawn status Lost status Home library Current library Date acquired Accession Number Koha item type
    Research Section Research Section 27/09/2021 ELP/58-485 Thesis and Dissertation